La revolución de la enseñanza
Uloženo v:
| Hlavní autor: | |
|---|---|
| Médium: | Kniha |
| Jazyk: | španělština |
| Vydáno: |
Barcelona
Herder
1971
|
| Témata: | |
| Tagy: |
Přidat tag
Žádné tagy, Buďte první, kdo vytvoří štítek k tomuto záznamu!
|
MARC
| LEADER | 00000nam a2200000 a 4500 | ||
|---|---|---|---|
| 001 | UCZ7592 | ||
| 003 | CL-VaPUC | ||
| 008 | 960105e19710000SP |||||||||||||||||spa|d | ||
| 082 | 0 | 4 | |a 379.2 |b RIC |2 21 |
| 100 | 0 | |a Richmond, W. Kenneth |e author |9 352555 | |
| 245 | 1 | 3 | |a La revolución de la enseñanza |
| 300 | |a 254 p | ||
| 942 | |c BK | ||
| 945 | |d 19960105 00:00:00 |a lriquelm | ||
| 260 | |a Barcelona |b Herder |c 1971 | ||
| 650 | 7 | |a REFORMA DE LA EDUCACION |2 CL-VaPUC |9 333471 | |
| 650 | 7 | |a DESARROLLO DE LOS CURRICULOS |2 CL-VaPUC |9 338829 | |
| 650 | 7 | |a DESARROLLO DE LA EDUCACION |2 CL-VaPUC |9 352556 | |
| 650 | 0 | |a Innovaciones pedagógicas |9 307471 | |
| 650 | 0 | |a Planificación de la educación |9 307333 | |
| 650 | 0 | |a Matemática |9 260235 | |
| 650 | 0 | |a Ciencia |9 255691 | |
| 650 | 7 | |a MATERIAL AUDIOVISUAL |2 CL-VaPUC |9 308466 | |
| 650 | 0 | |a Métodos de enseñanza |9 270413 | |
| 650 | 0 | |a Currículo |9 307290 | |
| 583 | |a last modification |c 19960105 00:00:00 |k Rodrigo Vera | ||
| 999 | |c 243645 |d 243643 | ||
| 952 | |0 0 |1 0 |4 0 |6 379_200000000000000_RIC_1971 |7 0 |8 P |9 257367 |a BIBEDU |b BIBEDU |c BIBEDU_PB |d 2019-11-19 |i 1613480 |o 379.2 RIC 1971 |p 1613480 |r 2024-01-25 |w 2019-11-19 |y BK |k EDU | ||